00201 2200085 4500001002100000008004100021035002000062245002200082990001100104INLIS000000000001209 Ind  a0010-0226001209 aYa Rabb aku galau aP/3794